Vplyv európskych trendov platobných služieb na podniky

Guardado en:
Detalles Bibliográficos
Autor principal: Štofová, Lenka, 1989-
Otros Autores: Szaryszová, Petra, 1984-
Formato: Capítulo de libro
Lenguaje:eslovaco
Materias:
Etiquetas: Agregar Etiqueta
Sin Etiquetas, Sea el primero en etiquetar este registro!

MARC

LEADER 00000naa$a2200000$$$4500
001 0233311
005 20240502073805.1
041 0 |a slo 
044 |a SK 
245 1 0 |a Vplyv európskych trendov platobných služieb na podniky  |c Lenka Štofová, Petra Szaryszová 
500 |a Abstrakt 
610 2 0 |a platby elektronické 
610 2 0 |a podnik 
610 2 0 |a bankovníctvo 
610 2 0 |a bezpečnosť 
610 2 0 |a efektívnosť 
100 1 |a Štofová, Lenka, 1989- 
700 1 |a Szaryszová, Petra, 1984-